000 00265nam a2200109Ia 4500
008 220120s9999||||xx |||||||||||||| ||und||
100 _aD.S.C
245 0 _aEngineering mathematics part-II
260 _aPrism books
_c2001
300 _b0
650 _aCOMPUTER SCIENCE
999 _c136743
_d136743